Sämtliche Schriften. 6, Nietzche

Hlavní autor: Löwith, Karl, 1897-1973
Jazyk: Němčina
Vydáno: Stuttgart : J.B. Metzlersche Verlagsbuchhandlung, 1987
Témata:
Fyzický popis: 555 s.
Knihy
Uloženo v:
LEADER 00683nam a2200217 4500
001 000984578
003 CZ BrMZK
005 20170518135327.0
008 010907s1987 gw ger
020 |a 3-476-00511-9 
040 |a BOA001  |b cze 
100 1 |a Löwith, Karl,  |d 1897-1973  |7 jn19990005200 
245 1 0 |a Sämtliche Schriften.  |n 6,  |p Nietzche 
246 3 0 |a Nietzche 
260 |a Stuttgart :  |b J.B. Metzlersche Verlagsbuchhandlung,  |c 1987 
300 |a 555 s. 
653 |a filozofie 
910 |a BOA001  |b NK-0001.204 
990 |a BK 
991 |z 000010678  |x 44 
996 7 |b 261D002842  |c NK-0001.204  |l Německá knihovna/2.patro  |r ZHR  |n 5  |p {PH-01.204}  |h PH  |w 000984578  |u 000010  |a 0  |e BOA001  |j MZK50  |s A